[Event "Sentjur Ipavec Memorial 8th"]
[Site "Sentjur"]
[Date "2007.12.08"]
[Round "1"]
[White "Plahuta, Darko"]
[Black "Zebec, Ignac"]
[Result "1-0"]
[WhiteElo "2067"]
[BlackElo "1592"]
[PlyCount "117"]
[EventDate "2007.12.08"]
[EventType "swiss"]
[EventRounds "9"]
[EventCountry "SLO"]
[SourceTitle "EXT 2010"]
[Source "ChessBase"]
[SourceDate "2010.11.25"]
[SourceVersion "1"]
[SourceVersionDate "2010.11.25"]
[SourceQuality "1"]

1. d4 d5 2. Nf3 f5 3. Bf4 e6 4. e3 Nf6 5. h4 Bd6 6. Be5 0-0 7. Bd3 Nc6 8. Nbd2 Ng4 9. Bxd6 Qxd6 10. h5 Bd7 11. Qe2 Nb4 12. c3 Nxd3+ 13. Qxd3 b6 14. Nf1 Be8 15. N3d2 e5 16. f3 e4 17. Qe2 Nh6 18. c4 c5 19. dxc5 Qxc5 20. Rc1 Bf7 21. Rc3 d4 22. exd4 Qxd4 23. fxe4 fxe4 24. Nxe4 Rfe8 25. Nfd2 Rad8 26. Rhh3 Be6 27. Rhe3 Bf7 28. Nf3 Qd7 29. Rcd3 Qg4 30. Rxd8 Rxd8 31. Nd6 Rf8 32. Nxf7 Nxf7 33. Re7 Qxh5 34. Rxa7 Ng5 35. Nxg5 Qxg5 36. Kd1 Rd8+ 37. Kc2 Qf5+ 38. Kc3 Qf6+ 39. Kb3 Qd6 40. Re7 Qg6 41. Qe6+ Qxe6 42. Rxe6 Rd2 43. g4 Rd4 44. g5 Rg4 45. Re5 Kf7 46. a4 h6 47. gxh6 gxh6 48. Kb4 Rg5 49. Rxg5 hxg5 50. Kc3 Ke6 51. Kd4 Kd6 52. b4 g4 53. Ke4 g3 54. Kf3 Ke5 55. a5 bxa5 56. bxa5 Kd6 57. Kxg3 Kc6 58. Kf4 Kc7 59. c5 1-0